000 00951nas a2200265 454500
001 39684
005 20260407193510.0
008 260407s1969####ag###########|||spa#d
003 AR-UNSa-BCEJYS
040 _aAR-UNSa-BCEJYS
_bspa
_cAR-UNSa-BCEJYS
080 _a711
_xPrincipios y práctica de la ordenación. Ordenación del territorio, ordenación urbana y rural
245 1 0 _aCiudad y territorio
_prevista de ciencia urbana
022 _a0210-0487
264 1 _aMadrid :
_bInstituto Nacional de Administración Pública (INAP)
_c1969
310 _aFrecuencia: Trimestral
505 _a
041 _aspa
942 _cSER
590 _aniveau_biblio:s niveau_hierar:1
100 1 _aInstituto de Estudios de Administración Local
700 1 _aTerán, Fernando de
650 _aSociología urbana
650 _aORDENACION DEL TERRITORIO
856 4 1 _uhttps://biblioeco.unsa.edu.ar/pmb/images/revistas/R20390.jpg
_yImagen de portada
_qimage/jpeg
999 _c8847
_d8847